[Event "Groningen Chess Festival 2010 - Open"]
[Site "Groningen NED"]
[Date "2010.12.24"]
[Round "4.15"]
[White "Willemze, Thomas"]
[Black "Carlstedt, Jonathan"]
[Result "1-0"]
[WhiteElo "2394"]
[BlackElo "2392"]
[PlyCount "51"]
[EventDate "2010.12.21"]
[EventType "swiss"]
[EventRounds "9"]
[EventCountry "NED"]
[Source "lmi"]
[SourceDate "2010.12.21"]

1. e4 c5 2. Nf3 d6 3. d4 cxd4 4. Nxd4 Nf6 5. Nc3 g6 6. Be3 Bg7 7. f3 Nc6 8. Qd2
O-O 9. g4 Bxg4 10. fxg4 Nxg4 11. Nb3 Rc8 12. O-O-O Na5 13. Kb1 Nc4 14. Bxc4
Rxc4 15. Bd4 Ne5 16. Qe2 Rc8 17. h4 Qd7 18. h5 Qg4 19. hxg6 fxg6 20. Qh2 h5 21.
Rdg1 Qf3 22. Bxe5 Bxe5 23. Qxh5 Qxh5 24. Rxh5 Rf1+ 25. Rxf1 gxh5 26. Nd5 1-0

[Event "Groningen Chess Festival 2010 - Open"]
[Site "Groningen NED"]
[Date "2010.12.24"]
[Round "4.16"]
[White "Partenheimer, Axel"]
[Black "Shiven, Khosla"]
[Result "0-1"]
[WhiteElo "2201"]
[BlackElo "2354"]
[PlyCount "96"]
[EventDate "2010.12.21"]
[EventType "swiss"]
[EventRounds "9"]
[EventCountry "NED"]
[Source "lmi"]
[SourceDate "2010.12.21"]

1. Nf3 Nf6 2. g3 g6 3. Bg2 Bg7 4. d4 O-O 5. O-O d6 6. b3 Nbd7 7. Bb2 c6 8. c4
e6 9. Nbd2 Re8 10. e4 e5 11. Re1 exd4 12. Bxd4 Ne5 13. Qc2 Qc7 14. Rad1 Bg4 15.
h3 Nxf3+ 16. Nxf3 Bxf3 17. Bxf3 Nd7 18. Bxg7 Kxg7 19. Qc3+ Kg8 20. Qd4 Ne5 21.
Bg2 Red8 22. f4 c5 23. Qf2 Nc6 24. e5 Nd4 25. exd6 Rxd6 26. Re5 Rad8 27. Rde1
Re6 28. Bd5 Rxe5 29. Rxe5 Kf8 30. Kg2 b5 31. Qd2 bxc4 32. bxc4 Rb8 33. Re1 Qb6
34. Rf1 Qf6 35. Rf2 Qe7 36. g4 f6 37. f5 g5 38. Rf1 Ne2 39. Re1 Nf4+ 40. Kf3
Qd6 41. h4 Nxd5 42. hxg5 fxg5 43. cxd5 Qh6 44. Kg2 Qf6 45. Qe3 Qd6 46. Qxg5
Rb2+ 47. Kf1 Rh2 48. Re3 h6 0-1

[Event "Groningen Chess Festival 2010 - Open"]
[Site "Groningen NED"]
[Date "2010.12.24"]
[Round "4.17"]
[White "Ashwin, Jayaram"]
[Black "Lambrechts, Koen"]
[Result "1-0"]
[WhiteElo "2420"]
[BlackElo "2174"]
[PlyCount "96"]
[EventDate "2010.12.21"]
[EventType "swiss"]
[EventRounds "9"]
[EventCountry "NED"]
[Source "lmi"]
[SourceDate "2010.12.21"]

1. d4 c6 2. c4 d5 3. Nf3 Nf6 4. Nc3 dxc4 5. a4 Bf5 6. Ne5 Nbd7 7. Nxc4 Nb6 8.
Ne5 a5 9. f3 Nfd7 10. e4 Nxe5 11. exf5 Ned7 12. d5 Nf6 13. Qb3 Nfxd5 14. Nxd5
Nxd5 15. Qxb7 Nb4 16. Bf4 Qc8 17. Qxc8+ Rxc8 18. Rc1 g6 19. Be5 Rg8 20. Rc5 e6
21. Rxa5 gxf5 22. g3 Nd5 23. Ra7 Bb4+ 24. Kd1 f6 25. Bd4 Rd8 26. Kc1 Rd7 27.
Ra6 Rd6 28. Bf2 Kf7 29. Bc4 Rb8 30. Rd1 Rb7 31. Rd3 Ke7 32. Rb3 Kd7 33. Bc5
Bxc5 34. Rxb7+ Kc8 35. Rxh7 Nc7 36. h4 Be3+ 37. Kb1 Nxa6 38. Bxa6+ Kb8 39. h5
Rd1+ 40. Ka2 Rh1 41. f4 e5 42. h6 exf4 43. gxf4 Bxf4 44. Rb7+ Ka8 45. h7 Rh2
46. Rf7 Bb8 47. Bd3 f4 48. Rf8 Kb7 1-0

[Event "Groningen Chess Festival 2010 - Open"]
[Site "Groningen NED"]
[Date "2010.12.24"]
[Round "4.18"]
[White "Feuerstack, Aljoscha"]
[Black "Bijlsma, Nick"]
[Result "1-0"]
[WhiteElo "2404"]
[BlackElo "2133"]
[PlyCount "47"]
[EventDate "2010.12.21"]
[EventType "swiss"]
[EventRounds "9"]
[EventCountry "NED"]
[Source "lmi"]
[SourceDate "2010.12.21"]

1. e4 c5 2. Nf3 d6 3. d4 cxd4 4. Nxd4 Nf6 5. Nc3 Nc6 6. Bg5 Bd7 7. Nb3 Rc8 8.
Be2 a6 9. Bxf6 gxf6 10. O-O Bg7 11. Bg4 Ne5 12. Bxd7+ Qxd7 13. Nd5 Nc4 14. Qf3
Qd8 15. Qg4 Bf8 16. Nd4 h5 17. Qh4 Qa5 18. Qh3 Kd8 19. b3 Qc5 20. Rfd1 Nb2 21.
Rd2 Bh6 22. Qxh5 Bxd2 23. Qxf7 Qxd4 24. Qxe7# 1-0

[Event "Groningen Chess Festival 2010 - Open"]
[Site "Groningen NED"]
[Date "2010.12.24"]
[Round "4.19"]
[White "Van Eijk, Sander"]
[Black "Theulings, Paul-Peter"]
[Result "1-0"]
[WhiteElo "2387"]
[BlackElo "2132"]
[PlyCount "155"]
[EventDate "2010.12.21"]
[EventType "swiss"]
[EventRounds "9"]
[EventCountry "NED"]
[Source "lmi"]
[SourceDate "2010.12.21"]

1. e4 Nf6 2. e5 Nd5 3. d4 d6 4. Nf3 Nc6 5. c4 Nb6 6. Nc3 Bg4 7. Be3 dxe5 8. d5
Nd4 9. Bxd4 exd4 10. Qxd4 Bxf3 11. gxf3 e6 12. O-O-O Qf6 13. dxe6 Qxd4 14.
exf7+ Kxf7 15. Rxd4 g6 16. Kc2 Bc5 17. Rd2 Rad8 18. Bd3 Bd6 19. Rhd1 Kg7 20.
Be2 Rdf8 21. h3 Rf5 22. Ne4 Be7 23. b3 Re8 24. Rd3 a5 25. Re3 a4 26. b4 Bxb4
27. Nd6 Bxd6 28. Rxe8 Nd7 29. Rd5 Rf4 30. Re4 Rf7 31. Ra5 b6 32. Ra8 a3 33. Re3
Rf4 34. Rae8 Nf6 35. Rc8 Rh4 36. Bf1 Rh5 37. Rxc7+ Bxc7 38. Re7+ Kf8 39. Rxc7
Rf5 40. Be2 Nh5 41. Rxh7 Nf4 42. Bf1 Ne6 43. Be2 b5 44. cxb5 Nd4+ 45. Kd2 Nxe2
46. Kxe2 Rxb5 47. Rd7 Rb4 48. Rd2 Ke7 49. Kd3 Rb1 50. Rc2 Rf1 51. Ke3 Ra1 52.
Rd2 Kf6 53. Ke4 Kg5 54. f4+ Kf6 55. Re2 Ke6 56. Rc2 Kf6 57. Rd2 Re1+ 58. Kd4
Ra1 59. Kc4 Rb1 60. Rd3 Rb2 61. Rxa3 Rxf2 62. Kb5 Rxf4 63. Rb3 Ke6 64. a4 Kd7
65. Rc3 Rf1 66. a5 Rb1+ 67. Ka6 g5 68. Rg3 Rh1 69. Kb5 Kc7 70. Kc4 Rc1+ 71. Kd4
Rd1+ 72. Ke4 Re1+ 73. Kf5 Ra1 74. Rc3+ Kd6 75. Rd3+ Ke7 76. Re3+ Kd8 77. Re5
Rh1 78. a6 1-0

[Event "Groningen Chess Festival 2010 - Open"]
[Site "Groningen NED"]
[Date "2010.12.24"]
[Round "4.20"]
[White "Kantans, Toms"]
[Black "Van Overdam, Julian"]
[Result "0-1"]
[WhiteElo "2342"]
[BlackElo "2122"]
[PlyCount "82"]
[EventDate "2010.12.21"]
[EventType "swiss"]
[EventRounds "9"]
[EventCountry "NED"]
[Source "lmi"]
[SourceDate "2010.12.21"]

1. e4 c5 2. Nf3 e6 3. d4 cxd4 4. Nxd4 Nf6 5. Nc3 d6 6. Bd3 Nc6 7. Be3 Be7 8.
O-O O-O 9. f4 e5 10. Nf5 Bxf5 11. exf5 exf4 12. Rxf4 d5 13. Nb5 Re8 14. Bf2 a6
15. Nd4 Bd6 16. Rh4 Ne5 17. h3 Bc7 18. Ne2 Qe7 19. Nf4 Rad8 20. Nh5 Nxd3 21.
cxd3 Qd6 22. Nxf6+ Qxf6 23. Qh5 h6 24. Rf1 Qd6 25. g3 Bb6 26. Kg2 Bxf2 27. Rxf2
Re3 28. Rhf4 Qf6 29. Qd1 Rde8 30. Qb3 Qc6 31. Rd4 Qd6 32. Rg4 Qc6 33. f6 g5 34.
Rd4 Qd6 35. Rg4 Re2 36. Qc3 Rxf2+ 37. Kxf2 Qe6 38. Qd2 Qxf6+ 39. Kg2 Re5 40. h4
Qe6 41. Kf3 Qf5+ 0-1

[Event "Groningen Chess Festival 2010 - Open"]
[Site "Groningen NED"]
[Date "2010.12.24"]
[Round "4.21"]
[White "Dehn, Marcus"]
[Black "Afek, Yochanan"]
[Result "1/2-1/2"]
[WhiteElo "2115"]
[BlackElo "2238"]
[PlyCount "65"]
[EventDate "2010.12.21"]
[EventType "swiss"]
[EventRounds "9"]
[EventCountry "NED"]
[Source "lmi"]
[SourceDate "2010.12.21"]

1. d4 Nf6 2. Nf3 g6 3. Bf4 Bg7 4. e3 O-O 5. Be2 d6 6. h3 c5 7. c3 Nc6 8. Nbd2
Be6 9. Ng5 Bd7 10. O-O cxd4 11. exd4 e5 12. Bh2 Ne8 13. Ngf3 Be6 14. dxe5 dxe5
15. Bc4 e4 16. Ne1 Qe7 17. Qe2 f5 18. Kh1 Rd8 19. Nc2 Bh6 20. Ne3 Nd6 21. Bxe6+
Qxe6 22. Bxd6 Rxd6 23. Qc4 Rfd8 24. Qxe6+ Rxe6 25. Nb3 f4 26. Nc2 e3 27. Nbd4
Re7 28. Nxc6 bxc6 29. Nd4 Rd6 30. Rfe1 Bg7 31. Nf3 e2 32. Rac1 Bf6 33. Kh2
1/2-1/2

[Event "Groningen Chess Festival 2010 - Open"]
[Site "Groningen NED"]
[Date "2010.12.24"]
[Round "4.22"]
[White "Van Overdam, Jan"]
[Black "Hess, Christian"]
[Result "0-1"]
[WhiteElo "2030"]
[BlackElo "2256"]
[PlyCount "116"]
[EventDate "2010.12.21"]
[EventType "swiss"]
[EventRounds "9"]
[EventCountry "NED"]
[Source "lmi"]
[SourceDate "2010.12.21"]

1. e4 c6 2. d4 d5 3. exd5 cxd5 4. Bd3 Nc6 5. c3 Nf6 6. Bf4 g6 7. Nf3 Bg7 8. O-O
O-O 9. Nbd2 Bf5 10. Bxf5 gxf5 11. Ne5 e6 12. Nxc6 bxc6 13. f3 Nh5 14. Bg3 Nxg3
15. hxg3 Qb8 16. Nb3 Qxg3 17. f4 Bh6 18. Rf3 Qg4 19. Qd2 Kh8 20. Na5 Rac8 21.
b4 Rg8 22. Qf2 Qh5 23. g3 Qh3 24. Qh2 Qxh2+ 25. Kxh2 Bf8 26. a4 Rc7 27. Kg2 Bd6
28. Re1 Kg7 29. Rfe3 h5 30. Rh1 Rh8 31. Kf3 Be7 32. Re2 Kg6 33. Nb3 Rcc8 34. a5
Rb8 35. Nc1 Bd6 36. Nd3 Rbe8 37. Kg2 Kf6 38. Rh4 Reg8 39. Re1 Rg4 40. Reh1 Rxh4
41. Rxh4 Ke7 42. Ne1 Kd7 43. Nf3 f6 44. Rh1 a6 45. Kh3 Rg8 46. Re1 Rg4 47. Nh2
Rg8 48. Re3 h4 49. Nf1 hxg3 50. Rxg3 Rxg3+ 51. Kxg3 e5 52. dxe5 fxe5 53. Nd2
exf4+ 54. Kf3 d4 55. cxd4 Bxb4 56. Nc4 Ke6 57. Ne5 Kd5 58. Nd7 Bd6 0-1

[Event "Groningen Chess Festival 2010 - Open"]
[Site "Groningen NED"]
[Date "2010.12.24"]
[Round "4.24"]
[White "Sparenberg, Erik"]
[Black "Donchenko, Alexander"]
[Result "0-1"]
[WhiteElo "2095"]
[BlackElo "2207"]
[PlyCount "70"]
[EventDate "2010.12.21"]
[EventType "swiss"]
[EventRounds "9"]
[EventCountry "NED"]
[Source "lmi"]
[SourceDate "2010.12.21"]

1. e4 c5 2. Nf3 d6 3. d4 cxd4 4. Nxd4 Nf6 5. Nc3 e6 6. Bg5 Be7 7. Qd2 Nc6 8.
O-O-O a6 9. f3 Qc7 10. h4 b5 11. Nxc6 Qxc6 12. Kb1 Bd7 13. g4 Qc7 14. Bf4 b4
15. Ne2 e5 16. Be3 Be6 17. Ng3 g6 18. h5 Rg8 19. hxg6 hxg6 20. g5 Nd7 21. f4
exf4 22. Bxf4 Ne5 23. Qxb4 Kf8 24. Qd4 Rc8 25. Bd3 Qa5 26. b3 Nc6 27. Qb2 Rd8
28. Rh8 Bxg5 29. Nf5 Bxf5 30. Bxg5 Bg4 31. Bxd8 Qxd8 32. Rdh1 Ne5 33. Bxa6 Bf3
34. Rxg8+ Kxg8 35. Rh2 Qb6 0-1

[Event "Groningen Chess Festival 2010 - Open"]
[Site "Groningen NED"]
[Date "2010.12.24"]
[Round "4.25"]
[White "Maris, Ivo"]
[Black "Lyell, Mark"]
[Result "1/2-1/2"]
[WhiteElo "1955"]
[BlackElo "2210"]
[PlyCount "120"]
[EventDate "2010.12.21"]
[EventType "swiss"]
[EventRounds "9"]
[EventCountry "NED"]
[Source "lmi"]
[SourceDate "2010.12.21"]

1. e4 e5 2. Nf3 Nc6 3. Bb5 f5 4. Nc3 fxe4 5. Nxe4 Nf6 6. Qe2 d5 7. Nxf6+ gxf6
8. Nd4 Bd7 9. Bxc6 bxc6 10. f4 Qe7 11. fxe5 Qxe5 12. Nf3 Qxe2+ 13. Kxe2 c5 14.
d3 Rb8 15. Rb1 Bd6 16. Be3 Rg8 17. Kf2 d4 18. Bd2 Bc6 19. Nh4 Kd7 20. b3 Rg4
21. Nf3 Rbg8 22. g3 f5 23. Rhg1 f4 24. Rbf1 fxg3+ 25. hxg3 Rxg3 26. Rxg3 Rxg3
27. Ng5 Rg2+ 28. Ke1 h6 29. Ne4 Bxe4 30. dxe4 h5 31. Rf7+ Ke6 32. Rh7 Bg3+ 33.
Kd1 h4 34. Bg5 Rh2 35. Bd8 Ke5 36. Rxc7 Kxe4 37. Re7+ Kf3 38. Rf7+ Kg2 39. Rg7
Rh1+ 40. Kd2 Kf3 41. Rf7+ Ke4 42. Re7+ Kd5 43. Rxa7 h3 44. Bc7 Rg1 45. Bxg3
Rxg3 46. Re7 Re3 47. Rh7 Ke4 48. a4 Kf4 49. a5 Kg3 50. a6 Re6 51. Rg7+ Kf3 52.
Rh7 Kg2 53. Rg7+ Kf3 54. Rh7 Kg4 55. a7 Ra6 56. Kd3 Kg3 57. Rg7+ Kf2 58. Rh7
Kg2 59. Rg7+ Kf3 60. Rh7 Kg2 1/2-1/2

[Event "Groningen Chess Festival 2010 - Open"]
[Site "Groningen NED"]
[Date "2010.12.24"]
[Round "4.26"]
[White "Lampert, Jonas"]
[Black "Knol, Geon"]
[Result "1/2-1/2"]
[WhiteElo "2131"]
[BlackElo "2097"]
[PlyCount "121"]
[EventDate "2010.12.21"]
[EventType "swiss"]
[EventRounds "9"]
[EventCountry "NED"]
[Source "lmi"]
[SourceDate "2010.12.21"]

1. e4 c6 2. d4 Na6 3. c3 Nc7 4. Bd3 g6 5. Nf3 Bg7 6. O-O d5 7. Nbd2 dxe4 8.
Nxe4 Nf6 9. Re1 Nxe4 10. Bxe4 O-O 11. Qe2 Ne6 12. Be3 Qc7 13. Rad1 a5 14. c4
Bd7 15. d5 Nf4 16. Qd2 Nh5 17. Bb1 Bg4 18. b4 cxd5 19. cxd5 Bc3 20. Qc1 axb4
21. Bg5 f6 22. Bh6 Rfe8 23. Re4 Bxf3 24. gxf3 Rac8 25. Rh4 Be5 26. Qxc7 Rxc7
27. Rxb4 Bd6 28. Rh4 Rec8 29. Kh1 Ng7 30. Bxg7 Rc1 31. Rhd4 Kxg7 32. Kg2 b5 33.
h3 b4 34. Kf1 f5 35. Ke2 Rxd1 36. Rxd1 Kf6 37. Bd3 Rc5 38. Ba6 Ke5 39. Bb7 Rc4
40. Bc6 Rh4 41. Rh1 Rc4 42. Ba4 Rc3 43. Rd1 Kf6 44. h4 Kg7 45. Bb3 Be5 46. Rd3
Rxd3 47. Kxd3 Kh6 48. Ke2 Kh5 49. Kf1 Kxh4 50. Kg2 Kg5 51. Bd1 Kf4 52. Be2 Bd6
53. Bd1 Ke5 54. Bb3 Kd4 55. Kf1 Kc3 56. Ba4 Kb2 57. Bb3 Kc1 58. Ba4 Kb2 59. Bb3
Kc3 60. Ba4 Kd4 61. Bc6 1/2-1/2

[Event "Groningen Chess Festival 2010 - Open"]
[Site "Groningen NED"]
[Date "2010.12.24"]
[Round "4.27"]
[White "Krause, Ullrich"]
[Black "Van Foreest, Jorden"]
[Result "1/2-1/2"]
[WhiteElo "2308"]
[BlackElo "1970"]
[PlyCount "69"]
[EventDate "2010.12.21"]
[EventType "swiss"]
[EventRounds "9"]
[EventCountry "NED"]
[Source "lmi"]
[SourceDate "2010.12.21"]

1. Nf3 Nf6 2. g3 g6 3. Bg2 Bg7 4. O-O O-O 5. c4 c5 6. d4 cxd4 7. Nxd4 Nc6 8.
Nc3 Nxd4 9. Qxd4 d6 10. Qd3 Rb8 11. Bd2 Be6 12. b3 Nd7 13. e4 a6 14. Rac1 Ne5
15. Qe2 Nc6 16. Nd5 Qd7 17. Be3 Ne5 18. f4 Nc6 19. Qd2 Bh3 20. f5 Bxg2 21. Kxg2
Rfe8 22. Bh6 Bh8 23. Bg5 Be5 24. Bh4 Bf6 25. Bg5 Bxg5 26. Qxg5 Kg7 27. Qh4 h6
28. Nxe7 Nxe7 29. f6+ Kh7 30. fxe7 Qxe7 31. Qxe7 Rxe7 32. Rcd1 b5 33. cxb5 Rxb5
34. Rxd6 a5 35. Rd5 1/2-1/2

[Event "Groningen Chess Festival 2010 - Open"]
[Site "Groningen NED"]
[Date "2010.12.24"]
[Round "4.28"]
[White "Kerigan, Demre"]
[Black "Jacoby, Gisbert"]
[Result "0-1"]
[WhiteElo "2149"]
[BlackElo "2185"]
[PlyCount "62"]
[EventDate "2010.12.21"]
[EventType "swiss"]
[EventRounds "9"]
[EventCountry "NED"]
[Source "lmi"]
[SourceDate "2010.12.21"]

1. e4 c5 2. Nf3 d6 3. d4 cxd4 4. Nxd4 Nf6 5. Nc3 a6 6. Bg5 Nbd7 7. Qf3 h6 8.
Be3 g6 9. O-O-O Bg7 10. h3 O-O 11. g4 Qc7 12. Qg3 b5 13. Bg2 e5 14. Nde2 b4 15.
Nd5 Nxd5 16. exd5 a5 17. Kb1 Ba6 18. Rd2 a4 19. Qh4 a3 20. Nc1 axb2 21. Nb3 Bc4
22. Be4 Nb6 23. Bxb6 Qxb6 24. Kxb2 f5 25. gxf5 gxf5 26. Bxf5 Qa6 27. Be6+ Kh8
28. Qg3 Qxa2+ 29. Kc1 Bxb3 30. Qxb3 Qxb3 31. cxb3 Ra1+ 0-1

[Event "Groningen Chess Festival 2010 - Open"]
[Site "Groningen NED"]
[Date "2010.12.26"]
[Round "5.2"]
[White "Gupta, Abhijeet"]
[Black "Rotstein, Arkadij"]
[Result "0-1"]
[WhiteElo "2600"]
[BlackElo "2538"]
[PlyCount "102"]
[EventDate "2010.12.21"]
[EventType "swiss"]
[EventRounds "9"]
[EventCountry "NED"]
[Source "lmi"]
[SourceDate "2010.12.21"]

1. d4 d6 2. c4 e5 3. Nf3 e4 4. Ng5 f5 5. g3 Be7 6. Nh3 c6 7. Nc3 Nf6 8. Bg2
Nbd7 9. O-O Nb6 10. b3 d5 11. c5 Nbd7 12. b4 Nf8 13. b5 Ne6 14. bxc6 bxc6 15.
Qa4 Bd7 16. Rb1 O-O 17. Ng5 Nc7 18. Nh3 Qc8 19. f4 Ne6 20. e3 Kh8 21. Bd2 Rg8
22. Rb3 g5 23. Ne2 gxf4 24. exf4 Be8 25. Rfb1 Bh5 26. Bf1 Nd7 27. Be3 Nb6 28.
Qb4 Nc4 29. Bf2 Bf6 30. Rd1 Rb8 31. Qe1 e3 32. Rxe3 Nxe3 33. Bxe3 Re8 34. Qd2
Qb7 35. Ng5 Qb2 36. Kf2 Qa3 37. Qd3 Qxd3 38. Rxd3 Rb2 39. Nxe6 Rxe6 40. a3 Re7
41. Bd2 Re4 42. Be3 Kg8 43. h3 a5 44. a4 Ra2 45. Rb3 Bxe2 46. Bxe2 Bxd4 47.
Bxd4 Rxd4 48. Rb8+ Kf7 49. Kf3 Ra3+ 50. Kf2 Rd2 51. Ke1 Rc2 0-1

[Event "Groningen Chess Festival 2010 - Open"]
[Site "Groningen NED"]
[Date "2010.12.26"]
[Round "5.3"]
[White "Prohaszka, Peter"]
[Black "Ernst, Sipke"]
[Result "1-0"]
[WhiteElo "2536"]
[BlackElo "2590"]
[PlyCount "63"]
[EventDate "2010.12.21"]
[EventType "swiss"]
[EventRounds "9"]
[EventCountry "NED"]
[Source "lmi"]
[SourceDate "2010.12.21"]

1. d4 d5 2. Nf3 Nf6 3. c4 c6 4. Nc3 e6 5. g3 dxc4 6. Bg2 a6 7. a4 c5 8. dxc5
Qxd1+ 9. Nxd1 Bxc5 10. Ne5 Nd5 11. Ne3 Nxe3 12. Bxe3 Bxe3 13. fxe3 c3 14. b4 a5
15. b5 Nd7 16. Nc4 Rb8 17. Nxa5 Nc5 18. Ra3 c2 19. O-O Ra8 20. Rc3 Rxa5 21.
Rxc5 O-O 22. Rf4 e5 23. Rb4 Bf5 24. Bxb7 Rd8 25. Kf2 Rd1 26. Rbc4 g6 27. e4 Be6
28. Bd5 Bxd5 29. exd5 Rb1 30. d6 Kg7 31. d7 Rd1 32. b6 1-0

[Event "Groningen Chess Festival 2010 - Open"]
[Site "Groningen NED"]
[Date "2010.12.26"]
[Round "5.5"]
[White "Lobzhanidze, Davit"]
[Black "Andriasian, Zaven"]
[Result "1/2-1/2"]
[WhiteElo "2496"]
[BlackElo "2585"]
[PlyCount "102"]
[EventDate "2010.12.21"]
[EventType "swiss"]
[EventRounds "9"]
[EventCountry "NED"]
[Source "lmi"]
[SourceDate "2010.12.21"]

1. e4 c5 2. Nf3 d6 3. d4 cxd4 4. Nxd4 Nf6 5. Nc3 a6 6. Be2 e5 7. Nb3 Be7 8. Bg5
Nbd7 9. a4 b6 10. Bc4 Bb7 11. Qe2 O-O 12. O-O Qc7 13. Rfd1 Rfc8 14. Nd2 Ra7 15.
Bb3 Nc5 16. Bxf6 Bxf6 17. Bd5 Ne6 18. Bxb7 Nd4 19. Qd3 Qxb7 20. Nb3 g6 21. Nd5
Bg7 22. Nxd4 exd4 23. c3 dxc3 24. bxc3 Rc5 25. Rdb1 b5 26. axb5 axb5 27. Rxa7
Qxa7 28. Rxb5 Rxb5 29. Qxb5 Qa1+ 30. Qf1 Bxc3 31. Qxa1 Bxa1 32. g4 Kf8 33. f4
Ke8 34. Kf2 Kd7 35. f5 Be5 36. h3 Kc6 37. Ke3 Kc5 38. Kd3 Kb5 39. Ne7 Kc5 40.
Nd5 Kb5 41. Ne7 Kc5 42. Ng8 d5 43. Nh6 f6 44. fxg6 hxg6 45. h4 Bg3 46. h5 gxh5
47. gxh5 Bf4 48. Nf5 Bg5 49. Ne3 dxe4+ 50. Kxe4 Kd6 51. Kf5 Bxe3 1/2-1/2

[Event "Groningen Chess Festival 2010 - Open"]
[Site "Groningen NED"]
[Date "2010.12.26"]
[Round "5.7"]
[White "Nijboer, Friso"]
[Black "Pruijssers, Roeland"]
[Result "1-0"]
[WhiteElo "2583"]
[BlackElo "2487"]
[PlyCount "117"]
[EventDate "2010.12.21"]
[EventType "swiss"]
[EventRounds "9"]
[EventCountry "NED"]
[Source "lmi"]
[SourceDate "2010.12.21"]

1. e4 e5 2. Nf3 Nc6 3. Bb5 a6 4. Ba4 Nf6 5. O-O Be7 6. Re1 b5 7. Bb3 d6 8. c3
O-O 9. h3 Na5 10. Bc2 c5 11. d4 Qc7 12. Nbd2 Bd7 13. Nf1 Nc4 14. b3 Nb6 15. Ne3
c4 16. Ba3 Rfe8 17. Qd2 Bf8 18. Rab1 a5 19. bxc4 Nxc4 20. Nxc4 bxc4 21. d5 Rab8
22. Qe2 Rb5 23. Nd2 Rc8 24. Kh2 g6 25. Nf1 Rcb8 26. Ne3 Rxb1 27. Rxb1 Rxb1 28.
Bxb1 Bb5 29. Bc1 h5 30. Qb2 Ba6 31. Nf1 Kh7 32. Be3 Nd7 33. Qc1 Be7 34. Bc2 Bd8
35. Qa3 Kg7 36. Nd2 Kf8 37. Bd1 Ke7 38. Be2 Bb5 39. Qb2 Ba6 40. Qb1 Qc8 41. g3
Ke8 42. Kg2 Ke7 43. h4 Ke8 44. Qf1 Bb6 45. Bh6 Ke7 46. Bxc4 Qh8 47. Bg5+ f6 48.
Bxa6 fxg5 49. hxg5 h4 50. Be2 Qf8 51. Bg4 hxg3 52. Bxd7 Qf4 53. Nf3 Kxd7 54.
Qb5+ Ke7 55. Qxb6 gxf2 56. Qc7+ Ke8 57. Qc8+ Kf7 58. Qe6+ Kg7 59. Qf6+ 1-0

[Event "Groningen Chess Festival 2010 - Open"]
[Site "Groningen NED"]
[Date "2010.12.26"]
[Round "5.8"]
[White "Baklan, Vladimir"]
[Black "Willemze, Thomas"]
[Result "1-0"]
[WhiteElo "2613"]
[BlackElo "2394"]
[PlyCount "59"]
[EventDate "2010.12.21"]
[EventType "swiss"]
[EventRounds "9"]
[EventCountry "NED"]
[Source "lmi"]
[SourceDate "2010.12.21"]

1. e4 c6 2. d4 d5 3. e5 c5 4. Nf3 Bg4 5. dxc5 Nc6 6. c3 e6 7. b4 Nge7 8. Bf4
Ng6 9. Bg3 h5 10. h3 Bxf3 11. Qxf3 Qg5 12. Qe3 Qxe3+ 13. fxe3 h4 14. Bh2 Be7
15. Nd2 Bg5 16. Kf2 f6 17. Nf3 O-O 18. Bd3 Ngxe5 19. Be2 a5 20. a3 Nxf3 21.
gxf3 f5 22. b5 Ne7 23. Bd6 f4 24. exf4 Bf6 25. Bd3 Rac8 26. Rac1 Nf5 27. Bxf5
exf5 28. Rhd1 Rfd8 29. Rxd5 g6 30. a4 1-0

[Event "Groningen Chess Festival 2010 - Open"]
[Site "Groningen NED"]
[Date "2010.12.26"]
[Round "5.9"]
[White "Romanishin, Oleg M"]
[Black "Baghdasaryan, Vahe"]
[Result "1-0"]
[WhiteElo "2534"]
[BlackElo "2303"]
[PlyCount "49"]
[EventDate "2010.12.21"]
[EventType "swiss"]
[EventRounds "9"]
[EventCountry "NED"]
[Source "lmi"]
[SourceDate "2010.12.21"]

1. Nf3 d5 2. d4 Nf6 3. c4 c6 4. e3 e6 5. Nbd2 c5 6. dxc5 Bxc5 7. Nb3 Bb4+ 8.
Bd2 Nc6 9. cxd5 Qxd5 10. Bxb4 Nxb4 11. a3 Qxd1+ 12. Rxd1 Nbd5 13. Ne5 Ke7 14.
Be2 b6 15. f3 Bb7 16. Kf2 Rhd8 17. Nd4 Kf8 18. Rd2 Ne7 19. Rhd1 Rd5 20. Nc4 e5
21. Nc2 e4 22. f4 h5 23. h3 h4 24. Nd6 Rd8 25. Rxd5 1-0

[Event "Groningen Chess Festival 2010 - Open"]
[Site "Groningen NED"]
[Date "2010.12.26"]
[Round "5.11"]
[White "Shiven, Khosla"]
[Black "Van Oosterom, Chiel"]
[Result "1-0"]
[WhiteElo "2354"]
[BlackElo "2426"]
[PlyCount "69"]
[EventDate "2010.12.21"]
[EventType "swiss"]
[EventRounds "9"]
[EventCountry "NED"]
[Source "lmi"]
[SourceDate "2010.12.21"]

1. e4 e5 2. Nf3 Nc6 3. Bb5 Nf6 4. O-O Nxe4 5. d4 Be7 6. dxe5 O-O 7. Re1 d5 8.
exd6 Nxd6 9. Bxc6 bxc6 10. h3 Bf6 11. c3 Rb8 12. Nbd2 c5 13. Nf1 Be6 14. Ne3 c6
15. Ng4 Be7 16. b3 c4 17. Nd4 Bd5 18. Ba3 Re8 19. Ne5 Qc7 20. bxc4 Be4 21. Qa4
c5 22. Ndc6 Bf6 23. Nxb8 Bxe5 24. Rxe4 Bh2+ 25. Kh1 Rxe4 26. Na6 Qe7 27. Kxh2
Qe5+ 28. Kg1 h5 29. Qd1 Nxc4 30. Bxc5 Qxc3 31. Rc1 Qf6 32. Qd3 Qf4 33. Rb1 Ne5
34. Qd1 Qg5 35. Be3 1-0

[Event "Groningen Chess Festival 2010 - Open"]
[Site "Groningen NED"]
[Date "2010.12.26"]
[Round "5.12"]
[White "Grover, Sahaj"]
[Black "Stjazhkina, Olga"]
[Result "1-0"]
[WhiteElo "2432"]
[BlackElo "2240"]
[PlyCount "85"]
[EventDate "2010.12.21"]
[EventType "swiss"]
[EventRounds "9"]
[EventCountry "NED"]
[Source "lmi"]
[SourceDate "2010.12.21"]

1. e4 e5 2. Nf3 Nf6 3. Nxe5 d6 4. Nf3 Nxe4 5. Nc3 Nxc3 6. dxc3 Be7 7. Be3 Nc6
8. Qd2 O-O 9. O-O-O Ne5 10. h4 c6 11. h5 h6 12. Kb1 Be6 13. Nd4 Nc4 14. Bxc4
Bxc4 15. g4 Be6 16. Rdg1 c5 17. Ne2 f6 18. f4 Kh7 19. g5 f5 20. Rg3 Qd7 21.
Rhg1 Rg8 22. Nc1 Raf8 23. Nd3 b5 24. Qg2 Bd8 25. b4 c4 26. Nf2 Bb6 27. Nd1 d5
28. Bxb6 axb6 29. Qf2 d4 30. Qxd4 hxg5 31. Rxg5 Qxd4 32. cxd4 Rd8 33. c3 Bd5
34. Ne3 Be4+ 35. Kb2 Rde8 36. Re1 Bd3 37. Ng2 Be4 38. Nh4 Bd3 39. Re5 Rxe5 40.
dxe5 Rf8 41. Nf3 Rd8 42. Nd4 Be4 43. Rg6 1-0

[Event "Groningen Chess Festival 2010 - Open"]
[Site "Groningen NED"]
[Date "2010.12.26"]
[Round "5.13"]
[White "Heemskerk, Wim"]
[Black "Naroditsky, Daniel"]
[Result "1/2-1/2"]
[WhiteElo "2263"]
[BlackElo "2425"]
[PlyCount "100"]
[EventDate "2010.12.21"]
[EventType "swiss"]
[EventRounds "9"]
[EventCountry "NED"]
[Source "lmi"]
[SourceDate "2010.12.21"]

1. Nf3 Nf6 2. g3 g6 3. c4 Bg7 4. Bg2 O-O 5. O-O d6 6. d4 Nbd7 7. Nc3 e5 8. e4
c6 9. h3 Qa5 10. Re1 exd4 11. Nxd4 Ne5 12. Bf1 Re8 13. Be3 Be6 14. Nxe6 Rxe6
15. Kg2 Rae8 16. Qd2 Ned7 17. f3 a6 18. Rad1 b5 19. a3 Qc7 20. Ne2 bxc4 21. Nd4
d5 22. Bf4 Qb7 23. Nxe6 fxe6 24. exd5 cxd5 25. g4 Qc6 26. Bh2 Rf8 27. Qe3 e5
28. Bxe5 Nxg4 29. hxg4 Nxe5 30. Be2 Nf7 31. Qd2 d4 32. Rc1 c3 33. bxc3 dxc3 34.
Qd3 Kh8 35. Qxa6 Qc5 36. Qc4 Qxa3 37. Ra1 Qe7 38. Bd3 Qf6 39. Ra6 Qg5 40. Qe4
Be5 41. Bc4 Qh4 42. Bxf7 Qh2+ 43. Kf1 Qh1+ 44. Ke2 Qg2+ 45. Kd3 Qd2+ 46. Kc4
Rc8+ 47. Kb3 Rb8+ 48. Kc4 Rc8+ 49. Kb3 Rb8+ 50. Kc4 Rc8+ 1/2-1/2